| 000 | 00923nam a2200253 a 4500 | ||
|---|---|---|---|
| 005 | 20251028063934.0 | ||
| 008 | 070827s2005 mx r 000 0 spa d | ||
| 020 | _a8478273689 | ||
| 035 | _aUPN01000151491 | ||
| 049 | _aCG | ||
| 050 | 4 |
_aP119.3 _bM3.4 |
|
| 100 | 1 | _aMacedo, Donaldo | |
| 245 | 1 | 0 |
_aLengua, ideología y poder : _bla hegemonía del inglés / _cDonaldo Macedo, Bessie Dendrinos ; tr. Eva Verloop. |
| 260 |
_aBarcelona, Esp. : _bGraó, _c2005. |
||
| 300 | _a139 p. | ||
| 440 | 0 |
_aCrítica y fundamentos ; _v4. _pTeoría y sociología de la educación-didáctica de la lengua |
|
| 534 |
_pTítulo original : _tThe hegemony of english |
||
| 650 | 4 |
_aLENGUAJE Y LENGUAS - _xASPECTOS POLITICOS _96856 |
|
| 650 | 4 |
_aLENGUAJE Y LENGUAS - _xASPECTOS SOCIALES _912972 |
|
| 650 | 4 |
_aLenguaje y educación _96713 |
|
| 700 | 1 |
_aDendrinos, Bessie, _ecoaut. |
|
| 700 | 1 |
_aGounari, Panayota, _ecoaut. |
|
| 905 | _aLibro | ||
| 999 |
_c123627 _d123627 |
||